The New Zealand Justice of the Peace and police court practice /

Guardat en:
Dades bibliogràfiques
Autor principal: Maunsell, Thomas Edward, 1880-
Format: Llibre
Idioma:English
Publicat: Wellington (N.Z.) : Butterworth & Co. (Aus.) Ltd., 1935.
Matèries:
LEADER 01267cam a2200313 a 4500
001 c000391556
003 CARM
005 20120924125450.0
008 120924s1935 nz 001 0 eng d
010 |a 36012005 
019 1 |a 69793205  |5 LACONCORD2021 
035 |a (OCoLC)19435468  |5 LACONCORD2021 
040 |a MLL  |c MLL  |d OCLCQ  |d NZ1  |d VCAV 
043 |a u-nz--- 
082 0 4 |a 347.9301  |2 22 
100 1 |a Maunsell, Thomas Edward,  |d 1880- 
245 1 4 |a The New Zealand Justice of the Peace and police court practice /  |c by T.E. Maunsell. 
260 |a Wellington (N.Z.) :  |b Butterworth & Co. (Aus.) Ltd.,  |c 1935. 
300 |a xvi, 207 p. ;  |c 22 cm. 
504 |a Includes index. 
500 |a "Supplement to Maunsell's Justice of the Peace and police court procedure" (1950, 18 p.) included at end. 
650 0 |a Justices of the peace  |z New Zealand. 
650 0 |a Police magistrates  |z New Zealand. 
650 0 |a Criminal procedure  |z New Zealand. 
852 8 |b CARM  |p 0588269  |f BK 
852 8 |b SCAN  |h A3:AG07B0  |i B12087  |p 0588269  |f BK 
999 f f |i 2d053985-9293-5b38-b2ac-7faf4b5665e5  |s a95c44c8-31e2-5bbd-9ab3-336b5388e9e6 
952 f f |p Can circulate  |a CAVAL  |b CAVAL  |c CAVAL  |d CARM 1 Store  |i book  |m 0588269 
952 f f |a CAVAL  |b CAVAL  |c CAVAL  |d Unmapped Location  |e B12087  |f A3:AG07B0  |h Other scheme